Responses for Show #8927 - Tuesday, September 12, 2023

2023 Second Chance competition week 1, semifinal game 2.

Contestants

[<< previous game]

Susan Schulman, a baker from Greensboro, Vermont

David Maybury, a magnetics engineer originally from Richmond, Virginia

Cody Lawrence, an assistant editor from Sherman Oaks, California

[next game >>]

Jeopardy! Round responses

THE U.S. IN 1964
AFTER IN LIVING COLOR
POTPOUR-EVERYTHING
"M"MMMM
AFRICAN CAPITAL HAIKU
THAT'S T-B-D
    $200 4
the Surgeon General

Susan
    $200 16
The Daily Show

David!.
    $200 29
(Ken: Aaaaaay, you're correct.)

Henry Winkler

Susan
    $200 27
the mango

David!.
    $200 14
Kampala

David!.
    $200 20
a Thoroughbred

David!.
    $400 5
Alaska

David!.
    $400 30
(Jamie) Foxx

Cody
    $400 28
March

Susan
    $400 26
meringue

Susan
    $400 13
Nairobi

Susan
    $400 19
a tabloid

Susan
    $600 7
Sidney Poitier

David!.
    $600 15
(Ken: Former Fly Girl [*] is correct.)

Jennifer Lopez

Susan
    $600 23
Vietnam

Triple Stumper
    $600 25
miso

Susan
    $600 9
(Ken: Shake [*], correct.)
[Laughter]

Djibouti

Cody
    $600 1
a tumbleweed

David!.
    $800 2
Gemini

Cody
    $800 21
The Truman Show

Cody
    $800 22
the Doomsday Clock

David!.
    $800 24
(Ken: Yeah, the baker gets it right.)

mirepoix

Susan
    $2,400 11
(Ken: Liberia, you got it.)

Monrovia

Cody
    $800 18
tabulated

Cody
    $1000 6
the New York Times

Susan
    $1000 17
David Alan Grier

David!.
    $1000 3
Stanford

Susan
    $1000 12
muesli

Susan
    $1000 10
Gaborone

Cody
    $1000 8
(Ken: The Canterbury Tales set at [*].)

the Tabard Inn

Triple Stumper

Scores at the first commercial break (after clue 15):

Cody David!. Susan
$4,800 $1,800 $4,200

Scores at the end of the Jeopardy! Round:

Cody David!. Susan
$6,800 $4,200 $7,000

Double Jeopardy! Round responses

QUITE A FOX
THE SPORTING LIFE
INFLUENZA
GEORGIA ON MY MIND
PLAY PEOPLE
STUCK IN THE MIDDLE WORD WITH YOU
    $400 17
Mexico

David!.
    $400 30
Daytona (Beach)

Cody
    $400 19
viruses

Cody
    $400 16
peach

Susan
    $400 9
Horner

David!.
    $400 25
medium

David!.
    $800 23
George Washington

Triple Stumper
    $800 29
the penalty box

Susan
    $800 18
greyhounds

Susan
    $800 15
the Masters

David!.
    $800 8
(David: Who is James Joyce?)
...
(Ken: From his play Vera, this is [*].)

Oscar Wilde

David!.
Triple Stumper
    $800 26
(his batting) average

Cody
    $1200 22
Vivica Fox

Cody
    $1200 10
(Susan: What is the NHL?)

the (FIFA) World Cup

Susan
Triple Stumper
    $1200 2
La Niña

David!.
    $1200 14
Savannah

David!.
    $1200 7
Troy

Susan
    $1200 28
(Cody: What is medium? [*].)
(Ken: That's correct, you changed it in time.)

median

Cody
    $1600 21
North Carolina

Susan
    $1600 3
curling

Susan
    $4,000 12
the Spanish flu

David!.
    $1600 13
Richard Jewell

David!.
    $1600 5
Chekhov

David!.
    $1600 27
mean

David!.
    $2000 20
Spiritualism

David!.
    $2000 6
Björn Borg

Susan
    $2000 11
H & N

David!.
    $4,200 1
Andersonville

David!.
    $2000 4
(Ethel) Rosenberg

Susan
    $2000 24
equidistant

Susan

Scores at the end of the Double Jeopardy! Round:

Cody David!. Susan
$10,800 $24,800 $18,200

[wagering suggestions for these scores]

Final Jeopardy! Round responses

MYTHOLOGICAL PLACES
(Ken: [To Cody] Yeah, great band, but also a river from literature.)
CodyWhat is the Styx?
$10,800
SusanWhat is the River Styx?
$7,401
David!.What is the Styx???
$12,663
the River Styx

Final scores:

Cody David!. Susan
$21,600 $37,463 $25,601
3rd place: $2,000 Finalist 2nd place: $3,000

Game dynamics:

Coryat scores:

Cody David!. Susan
$9,200 $20,200 $18,200
12 R
(including 1 DD),
0 W
22 R
(including 2 DDs),
1 W
21 R,
1 W

Combined Coryat: $47,600

[game clues] [game scores] [suggest correction]

Game tape date: 2023-08-15
The J! Archive is created by fans, for fans. Scraping, republication, monetization, and malicious use prohibited; this site may use cookies and collect identifying information. See terms. The Jeopardy! game show and all elements thereof, including but not limited to copyright and trademark thereto, are the property of Jeopardy Productions, Inc. and are protected under law. This website is not affiliated with, sponsored by, or operated by Jeopardy Productions, Inc. Join the discussion at JBoard.tv.